000
00205 a2200097 4500
001
48769
100
_a
Rumpf
245
_a
Particle technology
260
_a
London
_b
Chapman Hall
_c
090
_c
31670
_d
31670
942
_a
NUST-CAE
_c
M
_c
24081
999
_c
283842
_d
283842